Hotel Front office (Record no. 417943)

MARC details
000 -LEADER
fixed length control field 00350nam a2200157Ia 4500
008 - FIXED-LENGTH DATA ELEMENTS--GENERAL INFORMATION
fixed length control field 230605s2004 xx 000 0 und d
041 ## - LANGUAGE CODE
Language code of text/sound track or separate title eng
100 ## - MAIN ENTRY--PERSONAL NAME
Personal name Anderws
245 ## - TITLE STATEMENT
Title Hotel Front office
260 ## - PUBLICATION, DISTRIBUTION, ETC.
Name of publisher, distributor, etc. Tata Mc Graw Hill pub.
Date of publication, distribution, etc. 2004
-- 2004
300 ## - PHYSICAL DESCRIPTION
Extent 176
365 ## - TRADE PRICE
Price amount 100
Tax rate 1 20
500 ## - GENERAL NOTE
General note 142
520 ## - SUMMARY, ETC.
Summary, etc. General
650 ## - SUBJECT ADDED ENTRY--TOPICAL TERM
Topical term or geographic name entry element F.O.

No items available.